1986 Pop Songs by Artist and Lyric - Statistics

General Stats
  • This quiz has been taken 567 times
    482 since last reset
  • The average score is 11 of 29
Answer Stats
Lyric Artist Song % Correct
We've gotta hold on to what we've got / It doesn't make a difference if we make it or not Bon Jovi Livin' on a Prayer
95%
Shot through the heart / And you're to blame Bon Jovi You Give Love a Bad Name
90%
All the old paintings on the tombs / They do the sand dance, don't you know? The Bangles Walk Like an Egyptian
84%
If you'll be my bodyguard / I can be your long lost pal Paul Simon You Can Call Me Al
71%
Watching every motion / In my foolish lover's game Berlin Take My Breath Away
65%
You could have a steam train / If you just laid down your tracks Peter Gabriel Sledgehammer
61%
It must have been something you said Cutting Crew (I Just) Died in Your Arms
59%
Revvin' up your engine / Listen to her howlin' roar Kenny Loggins Danger Zone
52%
There is freedom within / There is freedom without Crowded House Don't Dream It's Over
47%
I believe the children are our future Whitney Houston Greatest Love of All
45%
I am a man who would fight for your honor Peter Cetera Glory of Love
40%
I'll keep holding on Simply Red Holding Back the Years
31%
A man can tell a thousand lies / I've learned my lesson well Madonna Live to Tell
30%
We've had some fun / Yes, we've had our ups and downs Huey Lewis and the News Stuck With You
27%
Things look so bad everywhere / In this whole world, what is fair? Steve Winwood Higher Love
26%
Well, I've been waiting / Waiting here so long Genesis Invisible Touch
26%
I can feel you breathe / I can feel your heart beat faster Eddie Money Take Me Home Tonight
26%
I'll never find another girl like you / For happy endings it takes two Starship Sara
25%
Deep in the world tonight / Our hearts beat safe and sound Wang Chung Everybody Have Fun Tonight
24%
Spare a little candle / Save some light for me Heart These Dreams
22%
And you want her / And she wants you / We want everyone Howard Jones No One is to Blame
20%
Once upon a time / Once when you were mine The Moody Blues Your Wildest Dreams
19%
I'm on my way / I'm making it / I've got to make it show, yeah! Peter Gabriel Big Time
18%
And even though I know how very far apart we are Linda Ronstadt & James Ingram Somewhere Out There
17%
'Cause _______, _______, _______, oh! / I'm gonna make it right Genesis Tonight, Tonight, Tonight
16%
Step by step / One by one / Higher and higher Huey Lewis and the News Jacob's Ladder
14%
No more running down the wrong road / Dancing to a different drum Michael McDonald Sweet Freedom
11%
Hear me calling out your name / I feel no shame Anita Baker Sweet Love
11%
You remind me of the babe / What babe? / The babe with the power David Bowie Magic Dance
8%
No matching quizzes found
Score Distribution
Percent of People with Each Score
Percentile by Number Answered
Your Score History
You have not taken this quiz since the last reset